000
00222nam a22000857a 4500
008
160916b xxu||||| |||| 00| 0 eng d
100
_9
562
_a
Badhwar.N
245
_a
Our Environment-1
260
_a
New Delhi
_b
P.B. Publications
_c
2011
999
_c
3218
_d
3218